Magid ha-ʻatidot; (Record no. 32163)
[ view plain ]
| 000 -LEADER | |
|---|---|
| fixed length control field | 00622cam a22002171 4500 |
| 001 - CONTROL NUMBER | |
| control field | he 67000337 |
| 003 - CONTROL NUMBER IDENTIFIER | |
| control field | DLC |
| 005 - DATE AND TIME OF LATEST TRANSACTION | |
| control field | 20260227111444.0 |
| 008 - FIXED-LENGTH DATA ELEMENTS--GENERAL INFORMATION | |
| fixed length control field | 800429s1966 is 000 1 hebr |
| 010 ## - LIBRARY OF CONGRESS CONTROL NUMBER | |
| LC control number | he 67000337 |
| 035 ## - SYSTEM CONTROL NUMBER | |
| System control number | (OCoLC)6259314 |
| 040 ## - CATALOGING SOURCE | |
| Original cataloging agency | DLC |
| Transcribing agency | NSbSU |
| Modifying agency | NSbSU |
| -- | DLC |
| 042 ## - AUTHENTICATION CODE | |
| Authentication code | premarc |
| 050 00 - LIBRARY OF CONGRESS CALL NUMBER | |
| Classification number | PJ5054.S33 |
| Item number | M3 |
| 100 1# - MAIN ENTRY--PERSONAL NAME | |
| Personal name | Shahar, David. |
| 245 10 - TITLE STATEMENT | |
| Title | Magid ha-ʻatidot; |
| Remainder of title | sipurim |
| Statement of responsibility, etc. | [me'et] David Shạhar. |
| 260 ## - PUBLICATION, DISTRIBUTION, ETC. | |
| Place of publication, distribution, etc. | [Tel-Aviv] |
| Name of publisher, distributor, etc. | Agudat ha-sofrim be-Yiśrael leyad hotsa'at Masadah |
| Date of publication, distribution, etc. | [1966] |
| 300 ## - PHYSICAL DESCRIPTION | |
| Extent | 117 p. |
| Dimensions | 23 cm. |
| 440 #0 - SERIES STATEMENT/ADDED ENTRY--TITLE | |
| Title | Sifriyat maḳor |
| 500 ## - GENERAL NOTE | |
| General note | In Hebrew characters. |
No items available.